000 00681nam a2200265Ia 4500
005 20260324153130.0
008 008 260324s9999 xx 000 0 eng d
020 _a9780081008706
037 _aEBOOK
040 _aCRL
040 _beng
040 _cCRL
041 _2eng
041 _aeng
084 _qCRL
100 _aSilberschmidt, Vadim
_9902366
245 0 _aDynamic Deformation, Damage and Fracture in Composite Materials and Structures
260 _bElsevier
260 _c2016
650 _aMaterials Science
856 _uhttps://www.sciencedirect.com/science/book/9780081008706
942 _cEBOOK
999 _c1841895
_d1841895